Surrealism / 197 Plates, 8 in Colour (Record no. 3738)
[ view plain ]
| 000 -LEADER | |
|---|---|
| fixed length control field | 01232cam a22002054a 4500 |
| 005 - ΗΜΕΡΟΜΗΝΙΑ ΚΑΙ ΩΡΑ ΤΕΛΕΥΤΑΙΑΣ ΕΝΗΜΕΡΩΣΗΣ | |
| Πεδίο ελέγχου | 20250605164124.0 |
| 008 - FIXED-LENGTH DATA ELEMENTS--GENERAL INFORMATION | |
| Πεδίο ελέγχου σταθερού μήκους | 250528s ||||||||||||||||||||||||d |
| 035 ## - SYSTEM CONTROL NUMBER | |
| System control number | 18376 |
| 040 ## - ΠΗΓΗ ΚΑΤΑΛΟΓΟΓΡΑΦΗΣΗΣ | |
| Φορέας πρωτότυπης καταλογογράφησης | MC Athens Campus Library |
| Γλώσσα καταλογογράφησης | Ελληνικά, Μοντέρνα (1453-) |
| Modifying agency | MC Athens Campus Library |
| Κανόνες περιγραφικής καταλογογράφησης | AACR2 |
| 245 1# - ΤΙΤΛΟΣ ΚΑΙ ΔΗΛΩΣΗ ΥΠΕΥΘΥΝΟΤΗΤΑΣ | |
| Τίτλος | Surrealism / 197 Plates, 8 in Colour |
| 260 ## - PUBLICATION, DISTRIBUTION, ETC. | |
| Date of publication, distribution, etc. | 1965 |
| 300 ## - PHYSICAL DESCRIPTION | |
| Extent | 128 |
| 505 0# - FORMATTED CONTENTS NOTE | |
| Formatted contents note | Preface by Patrick Waldberg, The Paths of Surrealism, La Revolution Surrealiste, First Surrealist Manifesto, Second Surrealist Manifesto, Surrealism and Painting, Food for Vision, Conquest of the Irrational, The Exquisite Corpse, Beyond Painting, Text References, Bigraphical Notes, Chronology, Selected Bibliography, List of Illustrations, Photograph Acknowledgements, Index. |
| 520 ## - SUMMARY, ETC. | |
| Summary, etc. | Preface by Patrick Waldberg, The Paths of Surrealism, La Revolution Surrealiste, First Surrealist Manifesto, Second Surrealist Manifesto, Surrealism and Painting, Food for Vision, Conquest of the Irrational, The Exquisite Corpse, Beyond Painting, Text References, Bigraphical Notes, Chronology, Selected Bibliography, List of Illustrations, Photograph Acknowledgements, Index. |
| 700 1# - ΠΡΟΣΘΕΤΗ ΑΝΑΓΡΑΦΗ--ΦΥΣΙΚΟ ΠΡΟΣΩΠΟ | |
| Personal name | Thames And Hudson |
| 9 (RLIN) | 2417 |
| 700 1# - ΠΡΟΣΘΕΤΗ ΑΝΑΓΡΑΦΗ--ΦΥΣΙΚΟ ΠΡΟΣΩΠΟ | |
| Personal name | Waldberg Patrick |
| 9 (RLIN) | 4648 |
| 942 ## - ADDED ENTRY ELEMENTS (KOHA) | |
| Koha item type | Books |
| Τύπος τεκμηρίου | Βιβλιοθήκη | Τρέχουσα τοποθεσία | Barcode | Αριθμός εισαγωγής | Ημερομηνία απόκτησης | Ταξιθετικό σύμβολο | Αριθμός αντιτύπου | Κατάσταση απόσυρσης | Κατάσταση χαμένου | Κατάσταση κατεστραμμένου | Μη δανεισμός | Σύνολο δανεισμών | Ημερομηνία τελευταίας εμφάνισης | Η τιμή ισχύει από |
|---|---|---|---|---|---|---|---|---|---|---|---|---|---|---|
| Books | MC Athens Campus Library | MC Athens Campus Library | 9780000037374 | 3034 | 05/06/2025 | 709.04063 WAL | 1 | 05/06/2025 | 05/06/2025 |